| 000 | 00596nam a2200241Ia 4500 | ||
|---|---|---|---|
| 001 | 25721 | ||
| 005 | 20240114000855.0 | ||
| 007 | ta | ||
| 008 | 060428s g b000 u 465 u | ||
| 040 | _aCotton College,Assam | ||
| 041 | _a465 | ||
| 082 |
_a823.09 _bD 995 D |
||
| 100 | _aDyson, A. E. . | ||
| 245 | 0 |
_aDickens / _cA. E. Dyson. _hTextual Documents |
|
| 250 | _a1st ed. / | ||
| 260 |
_aLondon : _bMacmillan and Co. , _cnd. |
||
| 300 |
_a288p. ; _c22cm. |
||
| 653 | _aEnglish Novel | ||
| 653 | _aG-English | ||
| 942 |
_2ddc _cBK |
||
| 999 |
_c25703 _d25703 |
||